Algerian players in Premier League (2000-) - Statistics

General Stats
  • This quiz has been taken 87 times
  • The average score is 8 of 18
Answer Stats
Ranking Player Positions Nationality Matches Goals (assists) Periods Clubs % Correct
1 Riyad Mahrez MF, FW 284 82 (62) 2014-2023
100%
2 Rayan Aït-Nouri DF, MF 135 9 (11) 2020-2025
90%
8 Islam Slimani FW 40 8 (5) 2016-2017, 2020-2021
78%
3 Saïd Benrahma MF, FW 110 15 (16) 2020-2024
76%
5 Nabil Bentaleb MF 58 0 (3) 2013-2015, 2019-2020
75%
11 Rachid Ghezzal MF, FW 19 1 (0) 2018-2019
44%
10 Sofiane Feghouli MF, FW 21 3 (2) 2016-2017
44%
4 Adlène Guedioura MF 84 2 (3) 2009-2011, 2013-2017
40%
16 Djamel Belmadi MF 8 0 (2) 2002-2003
32%
15 Yasser Larouci DF, MF 11 0 (0) 2023-2024
29%
18 Rafik Halliche DF 1 0 (0) 2010-2011
26%
17 Madjid Bougherra DF 5 0 (0) 2006-2007
22%
6 Hameur Bouazza MF, FW 52 6 (4) 2006-2008
21%
7 Nadir Belhadj DF, MF 48 5 (5) 2008-2010
21%
12 Hassan Yebda MF 18 2 (0) 2009-2010
19%
9 Ali Benarbia MF 33 3 (6) 2002-2003
18%
14 Mehdi Abeid MF 13 0 (0) 2014-2015
18%
13 Kamel Ghilas FW 13 1 (1) 2009-2010
16%
No matching quizzes found
Score Distribution
Percent of People with Each Score
Percentile by Number Answered
Your Score History
You have not taken this quiz